Collection Development: (Record no. 194048)

MARC details
000 -LEADER
fixed length control field 00880nam a22002177a 4500
005 - DATE AND TIME OF LATEST TRANSACTION
control field 20250228121505.0
010 ## - LCCN (DPL NO)
LC control number ENG-143046 B-746159-163 E.N.A./7.11.22
020 ## - INTERNATIONAL STANDARD BOOK NUMBER
International Standard Book Number 9789390473281
Terms of availability 595.00
035 ## - SYSTEM CONTROL NUMBER
System control number B-746159-163
035 ## - SYSTEM CONTROL NUMBER
System control number EN-126578
037 ## - SOURCE OF ACQUISITION
Source of stock number/acquisition Academic Aspirations
037 ## - SOURCE OF ACQUISITION
Source of stock number/acquisition DBAD
082 ## - DEWEY DECIMAL CLASSIFICATION NUMBER
Classification number 025.21
100 ## - MAIN ENTRY--PERSONAL NAME
Personal name Shawl, Rukhsana
245 ## - TITLE STATEMENT
Title Collection Development:
Remainder of title Policies and Procedures/
Statement of responsibility, etc Rukhsana Shawl
260 ## - PUBLICATION, DISTRIBUTION, ETC. (IMPRINT)
Place of publication, distribution, etc New Delhi
Name of publisher, distributor, etc Academic Aspirations
Date of publication, distribution, etc 2021
270 ## - ADDRESS
Address 4740/23, Ansari Road, Daryaganj,
City New Delhi
Postal code 110002
Telephone number 91-11-23267924
300 ## - PHYSICAL DESCRIPTION
Extent 424p.
Dimensions 24cm(pbk)
942 ## - ADDED ENTRY ELEMENTS (KOHA)
Source of classification or shelving scheme Dewey Decimal Classification
Item type English Books
Call number suffix SHA
Classification part 025.21
Holdings
Withdrawn status Lost status Not for loan Collection code Home library Current library Date acquired Source of acquisition Cost, normal purchase price Full call number Barcode Copy number Cost, replacement price Koha item type
      Non-fiction Central Library Central Library 02/02/2023 Academic Aspiration/IN-00162/19.11.22/144/28.11.22/30.11.22 595.00 025.21 SHA B-746159 1 595.00 English Books
      Non-fiction Central Library Central Library 20/02/2025 Delivery of Books Act Division 595.00 SHA 025.21 EN-126578 1 595.00 English Books
      Non-fiction Mobile Library Mobile Library 02/02/2023 Academic Aspiration/IN-00162/19.11.22/144/28.11.22/30.11.22 595.00 025.21 SHA B-746160 1 595.00 English Books
      Non-fiction Patel Nagar Patel Nagar 02/02/2023 Academic Aspiration/IN-00162/19.11.22/144/28.11.22/30.11.22 595.00 025.21 SHA B-746161 1 595.00 English Books
      Non-fiction Sarojini Nagar Sarojini Nagar 02/02/2023 Academic Aspiration/IN-00162/19.11.22/144/28.11.22/30.11.22 595.00 025.21 SHA B-746162 1 595.00 English Books
      Non-fiction Shahdara Branch Shahdara Branch 02/02/2023 Academic Aspiration/IN-00162/19.11.22/144/28.11.22/30.11.22 595.00 025.21 SHA B-746163 1 595.00 English Books

© Delhi Public Library
Hit Counter
free hit counter